| 000 | 00488nam a2200145Ia 4500 | ||
|---|---|---|---|
| 008 | 140724s9999 xx 000 0 und d | ||
| 050 |
_aRT 48.6 _b.Al454 2010 |
||
| 100 | _aAlonte, Maricar. | ||
| 245 | 2 |
_aA community diagnosis of Barangay BF International Village CAA-A / _cMaricar Alonte. |
|
| 260 |
_aLas PiƱas, Philippines : _bSouthville International School and Colleges, _cc2010. |
||
| 300 |
_a171 p. : _bcol. Ill. ; _c28 cm. |
||
| 521 | _aNursing | ||
| 942 | _cTH | ||
| 999 |
_c229002 _d229002 |
||